| 000 | 00630nam a2200193 a 4500 | ||
|---|---|---|---|
| 001 | 000023979 | ||
| 005 | 20210420113209.0 | ||
| 008 | 110118s2005 xxuad 000 0 spa d | ||
| 020 | _a9789280639286 | ||
| 040 |
_aDO-SdBNP _bspa _cBNPHU |
||
| 082 |
_axxx _bxxx |
||
| 110 |
_aFondo de las Naciones Unidas para la Infancia _99270 |
||
| 245 | 1 | 0 |
_aUn llamados : _bniños y niñas el rostro oculto del sida / _cNick Corby...[et.al.]. |
| 246 | 1 | 0 | _aNiños y niñas el rostro oculto del sida |
| 260 |
_aNew York : _bUNICEF, _c2005. |
||
| 300 |
_a25 p. : _bil., gráf., retrs. ; _c30 cm. |
||
| 700 | 1 |
_aCorby, Nick _949319 |
|
| 049 | _aBNPD | ||
| 999 |
_c23474 _d23474 |
||